banner-ar

اكتشاف التاريخ الكورى من خلال التراث العالمى / (Record no. 66654)

MARC details
000 -الفاتح
حقل البيانات ثابتة الطول 00728nam a22002057a 4500
005 - وقت وتاريخ اخر تعامل مع التسجيلة
رقم الضبط 20240530110931.0
008 - عناصر البيانات ثابتة الطول - معلومات عامة
حقل البيانات ثابتة الطول 220214s2007 ua a g 000 0 ara d
017 ## - رقم الايداع القانونى
المصدر ( الهيئة المختصة) مصر. دار الكتب
040 ## - مصدر الفهرسة
وكالة الفهرسة الأصلية EG-CaGPL
وكالة النسخ EG-CaGPL
082 04 - رقم تصنيف ديوى العشرى
رقم الطبعة 21
رقم التصنيف 915.19\
رقم المادة هـ إ
100 0# - المدخل الرئيسى - إسم شخصى
الإسم الشخصى هونج، د. يون دوك
245 10 - بيان العنوان
العنوان اكتشاف التاريخ الكورى من خلال التراث العالمى /
بيان المسئوليه,etc د. يون دوك هونج
250 ## - بيان الطبعة
بيان الطبعة ط. 1
260 ## - PUBLICATION, DISTRIBUTION, ETC. (IMPRINT)
تاريخ النشر أو التوزيع 2006
300 ## - الوصف المادى
التعداد 171 ص. ؛
أبعاد الوعاء 28 سم
651 07 - المدخل الاضافى بالموضوع - اسم جغرافى
الاسم الجغرافي كوريا
التقسيم الفرعي العام تاريخ
651 07 - المدخل الاضافى بالموضوع - اسم جغرافى
الاسم الجغرافي كوريا
التقسيم الفرعي العام وصف ورحلات
942 ## - عناصر المدخل الإضافي( كوها)
مصدر التصنيف او مخطط الترفيف Dewey Decimal Classification
Koha [default] item type كتاب
260 ## - PUBLICATION, DISTRIBUTION, ETC. (IMPRINT)
-- كوريا :
-- اكاديمية الدراسات الكورية،
Holdings
حالة التراجع حالة الفقد حالة تلف ليس للاعارة المكان المؤقت الموقع الحالى تاريخ الاكتساب اجمالي اﻻعارات رقم الطلب الباركود تاريخ اخر مشاهدة تاريخ تفعيل السعر نوع وعاء كوها
        مكتبة القاهرة الكبرى مكتبة القاهرة الكبرى 09/04/2022   915.19\ هـ إ 168389 09/04/2022 09/04/2022 كتاب

Powered By

EGPV